| 000 | 00431nam a22001817a 4500 | ||
|---|---|---|---|
| 005 | 20230111124053.0 | ||
| 008 | 221217b |||||||| |||| 00| 0 eng d | ||
| 020 | _a81-94568650 | ||
| 041 | _aeng | ||
| 082 | _a347 LAL-T | ||
| 100 |
_aLAL , BATUK _97380 |
||
| 245 | _aTHE LAW OF EVIDENCE | ||
| 250 | _a23rd ed. | ||
| 260 |
_aALLAHABAD _bCENTRAL LAW AGENCY _c2022 |
||
| 300 | _a717;P. | ||
| 440 |
_aLAW _97466 |
||
| 942 | _cBK | ||
| 999 |
_c8098 _d8096 |
||